<?xml version="1.0" encoding="UTF-8"?>
<record
    xmlns:xsi="http://www.w3.org/2001/XMLSchema-instance"
    xsi:schemaLocation="http://www.loc.gov/MARC21/slim http://www.loc.gov/standards/marcxml/schema/MARC21slim.xsd"
    xmlns="http://www.loc.gov/MARC21/slim">

  <leader>01237nam a2200217Ia 4500</leader>
  <controlfield tag="001">IA_This paper aims to analyze the calcium content in different types of cheese, using two different techniques: gravimetry by calcination and volumes by titling, the latter is a proposed method performs faster, hoping to get similar results by official method, and this method can replace the proposed officer. In addition to developing a manual for calcium determination in different types of cheeses using the above methods. Finally, the results were analyzed statistically by the Tukey test to verify that both methods gave similar results.</controlfield>
  <controlfield tag="002">COMPARACION EN LA DETERMINACION DE CALCIO EN DIFER</controlfield>
  <controlfield tag="008">220117s    xx            000 0 und d</controlfield>
  <datafield tag="010" ind1=" " ind2=" ">
    <subfield code="a">186068</subfield>
  </datafield>
  <datafield tag="530" ind1=" " ind2=" ">
    <subfield code="a">Disponible en PDF</subfield>
  </datafield>
  <datafield tag="650" ind1=" " ind2=" ">
    <subfield code="a">Calcio  </subfield>
    <subfield code="9">17330</subfield>
  </datafield>
  <datafield tag="650" ind1=" " ind2=" ">
    <subfield code="a">Calcium</subfield>
    <subfield code="9">161090</subfield>
  </datafield>
  <datafield tag="650" ind1=" " ind2=" ">
    <subfield code="a">Cheeses</subfield>
    <subfield code="x">Analysis  </subfield>
    <subfield code="9">148627</subfield>
  </datafield>
  <datafield tag="650" ind1=" " ind2=" ">
    <subfield code="a">Quesos</subfield>
    <subfield code="x">An&#xE1;lisis  </subfield>
    <subfield code="9">148629</subfield>
  </datafield>
  <datafield tag="700" ind1=" " ind2=" ">
    <subfield code="a">Esparza Torres, F&#xE9;lix, asesor </subfield>
    <subfield code="9">163757</subfield>
  </datafield>
  <datafield tag="700" ind1=" " ind2=" ">
    <subfield code="a">L&#xF3;pez Arellano, Irais Berenice, coaut. </subfield>
    <subfield code="9">161091</subfield>
  </datafield>
  <datafield tag="700" ind1=" " ind2=" ">
    <subfield code="a">Ram&#xED;rez Santiago, C&#xE9;sar, asesor</subfield>
    <subfield code="9">163775</subfield>
  </datafield>
  <datafield tag="700" ind1="1" ind2=" ">
    <subfield code="a">Santos Moreno, Armando</subfield>
    <subfield code="9">147701</subfield>
  </datafield>
  <datafield tag="942" ind1=" " ind2=" ">
    <subfield code="c">TESIS C36 2015</subfield>
  </datafield>
  <datafield tag="999" ind1=" " ind2=" ">
    <subfield code="c">186068</subfield>
    <subfield code="d">186068</subfield>
  </datafield>
</record>
